| 000 | 00712nam a22001937a 4500 | ||
|---|---|---|---|
| 001 | BD-DhSAU 10122 | ||
| 003 | BD-DhSAU | ||
| 005 | 20150626131434.0 | ||
| 008 | 150626b1991 bg ||||r|||| 000 0 ben d | ||
| 040 | _aBD-DhSAU | ||
| 082 |
_222 _a--- _bমামুঢা |
||
| 100 | _aমামুন, মুনতাসীর | ||
| 245 |
_aঢাকার সাংস্কৃতিক ইতিহাসের উপাদান / _cমুনতাসীর মামুন |
||
| 260 |
_aঢাকা : _bপল্লব পাবলিশার্স, _c১৯৯১. |
||
| 300 |
_a১৪০ পৃ. : _c২২ সেমি |
||
| 590 | _ajoy | ||
| 650 | _aঢাকার ইতিহাস | ||
| 942 |
_2ddc _cBOOK |
||
| 999 |
_c10122 _d10121 |
||